Recuperar la memoria /

Guardado en:
Autor Principal: Gil De Jimenez, Stella Maris
Formato: Libro
Publicado: Tres Arroyos : Talleres Barragan Y Asc., 2002
Materias:
Etiquetas: Agregar Etiqueta
Sin Etiquetas, Sea el primero en etiquetar este registro!
LEADER 00648nam a22002055a 4500
001 EHU.bham028191
003 AR-BHAM
005 20110518111237.0
008 130507s2002##################000#0#####d
082 9 8 |a 982.1 
100 1 |a Gil De Jimenez, Stella Maris 
245 1 0 |a Recuperar la memoria /  |c Stella Maris Gil De Jimenez 
260 |a Tres Arroyos :  |b Talleres Barragan Y Asc.,  |c 2002 
300 |a 196 p. 
500 |a Historias de Tres Arroyos 
653 |a Historia regional argentina 
653 |a Tres arroyos 
653 |a Inmigracion - argentina 
653 |a Inmigracion irlandesa 
859 |a AR-BHAM  |b BIB. HUMANIDADES - General  |h 982.1  |i G37  |p 248.05  |t Ej.1